000 01593cam a2200265 4500500
005 20260322002550.0
041 _afre
042 _adc
100 1 0 _aDussuet, Annie
_eauthor
700 1 0 _aLedoux, Clémence
_eauthor
245 0 0 _aThe role of relatives in French home care assistance plans
260 _c2023.
500 _a96
520 _aThe French Federative Association of Psychiatry Students (AFFEP) formed a new associative board in October 2021. Various missions accompany this renewal, including the reform and construction of the psychiatry internship model, the continuation of the “Choisir psychiatrie” survey, the maintenance of our role as the national point of reference for psychiatry interns, commitment to our magazine Psy Déchaîné, and the creation of attractive digital content. This roadmap also reaffirms the values that we defend through these missions: federation, cooperation, representation, and diversity. Finally, the AFFEP will unveil this new team and enthusiastically invite you to join our organization.
690 _aaide à domicile
690 _aaide formelle
690 _aaide informelle
690 _aallocation personnalisée pour l’autonomie (Apa)
690 _acare
690 _ainégalités entre les sexes
690 _aperte d’autonomie des personnes âgées
690 _apolitiques publiques du vieillissement
786 0 _nInformations sociales | o 208 | 4 | 2023-05-03 | p. 100-108 | 0046-9459
856 4 1 _uhttps://shs.cairn.info/journal-informations-sociales-2022-4-page-100?lang=en&redirect-ssocas=7080
999 _c1724551
_d1724551